Quizzes
Events
Quiz Creation
Community
Videos
Private Events
Remove Ads
Sign In
Join for FREE
Feedback
Dark Mode
Quiz Categories
Sports
Geography
Music
Movies
Television
Just For Fun
Miscellaneous
History
Literature
Language
Science
Gaming
Entertainment
Religion
Holiday
For Kids
Quiz Lab
Recent
Popular Today
Quiz Kudos Today
Editor Picks
Curator Picks
Quizzes by...
Day
Popularity
Type
Ratings
Length
Year
Community
Subscriptions
Recent Discussions
Orange Saloon
Badges
Playlists
Quests
Create
Leaderboards
Showdown
Live 5
Trivia Bingo
Activity
Puzzle Library
Sporcle Events
Private Events
Virtual Trivia
Globe League
Become a Host
Pub Owners
SporcleCon
Opinionation
Our Games
Videos
Blog
Mobile Apps
Partnerships
Remove Ads and Go Orange
Feedback
Sports
Athletes
MLB
NBA
NHL
NFL
Soccer
Sports Teams
WWE
NCAA
Football
Premier League
Basketball
Baseball
Hockey
Golf
Tennis
Cricket
Rugby
Auto Racing
Olympics
World Cup
Sports
Athletes
MLB
NBA
NHL
NFL
Soccer
Sports Teams
WWE
NCAA
Football
Premier League
Basketball
Baseball
Hockey
Golf
Tennis
Cricket
Rugby
Auto Racing
Olympics
World Cup
Random Quiz
Search Sporcle
×
Quiz Lab
Quiz Lab
Sports
Football
Type in answers that appear in a list
Type in answers that appear in a list
Classic
Best Score? Go Orange.
Largest football stadiums in Europe Stats
Can you name the largest football stadiums in europe?
By
waseemahmed
10m
25 Questions
30 Plays
30 Plays
30 Plays
Comments
Comments
Give Quiz Kudos
Give Quiz Kudos
-
- Ratings
hide this ad
More Info
Replay
Link that replays current quiz
Next Quiz
Link to next quiz in quiz playlist
You Got
0%
They Got
Avg Score
41%
Avg Friend Score
Upgrade to see
Score Distribution
Jump to the score distribution portion of the page
Score
0/25
Timer
10:00
0
Plays Today
capacity
football stadium
% Correct
98,787
Nou Camp
90%
90,000
Wembley
90%
85,700
San Siro
80%
76,000
Old Trafford
70%
60,432
Emirates
70%
80,354
Santiago Bernabeu
63.3%
74,767
Olympic Stadium
63.3%
69,250
Olympic Stadium
63.3%
69,901
Allianz Arena
60%
60,830
Celtic Park
53.3%
82,501
Croke Park
50%
82,000
Stadio Olimpico
46.7%
80,000
Stade de France
43.3%
capacity
football stadium
% Correct
65,000
Estadio da Luz
43.3%
73,500
Millennium
30%
61,482
Veltins Arena
30%
84,745
Luzhniki
26.7%
82,700
Signal Iduna
26.7%
76,000
Berliner Olympiastadion
20%
67,229
Stadio Delle Alpi
13.3%
78,210
Stadio san Paolo
6.7%
68,976
Stadion Ferenc Puskas
6.7%
83,160
Olimpiyskiy
0%
80,600
Ataturk Olimpiyat
0%
60120
Stadionul Lia Manoliu
0%
Quiz Playlist
Details
Report
Send in Message
Add To Playlist
More Info:
this game is about the largest football stadiums in the world
Classic:
Type in answers that appear in a list
Quiz Source
Last Updated: Feb 16, 2017
Quiz Scoreboard
CHALLENGE
Sign Up to Join the Scoreboard
Show All
Scores
Hide
Comments
May contain spoilers
Recently Published
Movies - When Are They Set?
by FPL_Elf
Movies
5m
Popular People in 1961
by mucciniale
History
6m
1-10 Letter E Words III
by El_Dandy
Language
2m
More to Explore
Quiz From the Vault
Featured Blog Post
Where Did the Easter Bunny Come From?
hide this ad
You Might Also Like...
Tags
Europe Quiz
Football Quiz
Capacity
largest
Stadiums
team
Today's Top Quizzes in Sports
Browse Sports
hide this ad
Today's Top Quizzes in Football
Browse Football
Top Contributed Quizzes in Sports
1
Les meilleurs buteurs des matchs entre le PSG et l’OM
2
FIFA Club World Cup Champions
3
Les entraîneurs de l'OM et du PSG au 21e siècle
4
2022 World Cup Stars
5
Name the Premier League winners with different clubs
6
La finale Lions - Afrique du Sud 2021
7
Criteria MLB: Left Handed Sluggers
8
Les joueurs passés par le LOSC et le RC Lens
9
Players with Multiple 50 Home Run Seasons
10
MLB Players with Two .350 Batting Average Seasons
Explore More
Trending Topics
Kpop
NBA
Crossword
Harry Potter
Disney
Anime
Marvel
Country
Soccer
Pokémon
WWE
Puzzle
Song
The Office
NFL
hide this ad
More By:
waseemahmed
Quiz
Plays
Rating
Category
Featured
Created
Assassin's Creed Trivia
218
5.00
Gaming
Jul 20, 2012
Harry Potter Trivia
201
2.60
Movies
Jul 19, 2012
top movie franchises
95
1.00
Movies
Jul 16, 2012
Harry Potter Chapters
70
1.80
Movies
Aug 2, 2012
harry potter death eater's
64
Movies
Jul 16, 2012
Go to Creator's Profile
Score Distribution
Quiz Creator Spotlight
waseemahmed
Follow
Send a Message
Quizzes Created
-
Created Quiz Play Count
-
More By This Creator
Popular Quizzes Today
1
Find the US States - No Outlines Minefield
2
Find the Countries of Europe - No Outlines Minefield
3
The Countries of the World
4
Popular People in 1961
5
1-10 Letter E Words III
6
US States
7
Find the US States
8
One Thing in Common: World Cities II
More Sports Quizzes
Top Scoring England Cricketers in Test Matches
Editor's Pick
Trending Quizzes
Risky Map Clicking: Least Populous States A-Z
1-10 Letter F Words
Humor Books: The Subtitles
1-10 Letter G Words
One Thing in Common: United Kingdom
Recently Updated
Leaping Animals
pecheneg
Reality TV Shows (A-Z)
bhenderson79
Rickey Henderson's Hall of Fame Teammates
pecheneg
Champions League XIs: Arsenal
pecheneg
Quick Pick: Celebrities in WWE's Hall of Fame
aduchscher
A-Z Keypad Blitz II
pecheneg
Multiple Oscar Actors
pecheneg
Mystery Phrase Blitz: Oscar 'Best Actors'
pecheneg
F. Scott Fitzgerald Novels
LTH
Pick 3 Villains
ddd62291
Trending Topics
Crossword
Kpop
Harry Potter
Disney
Marvel
NBA
Anime
Puzzle
NFL
Song
Pokémon
WWE
The Office
Soccer
Country
Your Account Isn't Verified!
In order to create a playlist on Sporcle, you need to verify the email address you used during registration. Go to your
Sporcle Settings
to finish the process.
Report this User
Report this user for behavior that violates our
Community Guidelines
.
Details:
Send Report
Go to the Sporcle.com Mobile Site →
Comments